00845cam a22002531 4500001001300000003000400013005001700017008004100034010001700075035002000092040001800112042001200130050002500142110002600167240001500193245014100208260005300349300002500402650006000427650004700487700001900534700002100553999001700574sa 66004671 DLC20260227112244.0910419s1965 ii 000 0 eng  asa 66004671  a(OCoLC)24197187 aDLCcViUdDLC apremarc00aKNU8100.5b.A33 19651 aUttar Pradesh (India)10aLaws, etc.10aU. P. gaon samaj manual /cas amended & rev. by third-govt. ed., with short notes and case law by Sant Prakash ; rev. by Virendra Singh. aAllahabad :bRam Narain Lal Beni Prasad,c[1965] avi, 100 p. ;c25 cm. 0aLand tenurexLaw and legislationzIndiazUttar Pradesh. 0aLandlord and tenantzIndiazUttar Pradesh.1 aPrakash, Sant.1 aSingh, Virendra. c69535d69535